000 00287nam a22001337a 4500
008 190205b xxu||||| |||| 00| 0 eng d
020 _a9780534595623
041 _aeng
080 _22nd
_a159.9
100 _a49
101 _aPSI
245 _aHuman Memory
_cNeath, I
942 _2udc
_cBK
999 _c54013
_d54013